header

Operational research / (Record no. 136)

MARC details
000 -LEADER
fixed length control field 00727nam a2200253 a 4500
001 - CONTROL NUMBER
control field 1449775
003 - CONTROL NUMBER IDENTIFIER
control field OSt
005 - DATE AND TIME OF LATEST TRANSACTION
control field 20150917155041.0
008 - FIXED-LENGTH DATA ELEMENTS--GENERAL INFORMATION
fixed length control field 850617s1985 enka b 001 0 eng
010 ## - LIBRARY OF CONGRESS CONTROL NUMBER
LC control number 85167374
020 ## - INTERNATIONAL STANDARD BOOK NUMBER
International Standard Book Number 071313528X (pbk.) :
Terms of availability £8.50
040 ## - CATALOGING SOURCE
Original cataloging agency DLC
Transcribing agency DLC
Modifying agency DLC
050 00 - LIBRARY OF CONGRESS CALL NUMBER
Classification number T57.6
Item number .C64 1985
082 00 - DEWEY DECIMAL CLASSIFICATION NUMBER
Classification number 658.4/03/4
Edition number 19
100 1# - MAIN ENTRY--PERSONAL NAME
Personal name Cohen, S. S.
245 10 - TITLE STATEMENT
Title Operational research /
Statement of responsibility, etc S.S. Cohen.
260 ## - PUBLICATION, DISTRIBUTION, ETC. (IMPRINT)
Place of publication, distribution, etc London ;
-- Baltimore, Md., U.S.A. :
Name of publisher, distributor, etc E. Arnold,
Date of publication, distribution, etc 1985.
300 ## - PHYSICAL DESCRIPTION
Extent vii, 245 p. :
Other physical details ill. ;
Dimensions 25 cm.
500 ## - GENERAL NOTE
General note Includes index.
504 ## - BIBLIOGRAPHY, ETC. NOTE
Bibliography, etc Bibliography: p. [236]-238.
650 #0 - SUBJECT ADDED ENTRY--TOPICAL TERM
Topical term or geographic name as entry element Operations research.
906 ## - LOCAL DATA ELEMENT F, LDF (RLIN)
a 7
b cbc
c orignew
d 3
e ncip
f 19
g y-gencatlg
942 ## - ADDED ENTRY ELEMENTS (KOHA)
Source of classification or shelving scheme Library of Congress Classification
Koha item type Long Loan Books
Holdings
Withdrawn status Lost status Source of classification or shelving scheme Damaged status Not for loan Collection code Home library Current library Shelving location Date acquired Total Checkouts Total Renewals Full call number Barcode Date last seen Date checked out Price effective from Koha item type
    Library of Congress Classification     Non-fiction Rongo University Library Rongo University Library General Stacks 17/09/2015 12 1 T57.6 .C64 1985 20088158 23/06/2016 23/06/2016 17/09/2015 Long Loan Books

© 2026 Rongo University
Contact us: librarian | system librarian | Rongo university